Rodzaje Perspektyw w Malarstwie - Statystyki

Ogólne statystyki
  • Ten quiz został rozwiązany 57 razy
  • Średni wynik to 5 z 14
Statystyki odpowiedzi
Obrazkowy Odpowiedź % Poprawnych
Linearna | Geometryczna | Zbieżna | Renesansowa
86%
Żabia
57%
Barwna | Malarska
54%
Z lotu ptaka | ptasia
54%
Kulisowa
46%
Pasowa
46%
Powietrzna
40%
Rzędowa
29%
Czołowa
20%
Krawędziowa | Ukośna
14%
Krzywoliniowa | Sferyczna
14%
Odwrócona
14%
Linearna z dwoma punktami zbiegu | Linearna Wielozbiegowa
11%
Linearna z trzema punktami zbiegu | Linearna Wielozbiegowa
9%
Nie znaleziono quizów pasujących do podanych kryteriów
Rozkład punktacji
Procent ludzi z każdym wynikiem
Percentyl według liczby udzielonych odpowiedzi
Twoja historia wyników
Nie rozwiązałeś tego quizu